Essential Pathology for Dental Students (Record no. 32871)

MARC details
000 -LEADER
fixed length control field 00403nam a22001697a 4500
003 - CONTROL NUMBER IDENTIFIER
control field SGT
020 ## - INTERNATIONAL STANDARD BOOK NUMBER
International Standard Book Number 9789366161334
082 ## - DEWEY DECIMAL CLASSIFICATION NUMBER
Classification number 616.07
Item number E25M
100 ## - MAIN ENTRY--PERSONAL NAME
Personal name Mohan, Harsh
245 ## - TITLE STATEMENT
Title Essential Pathology for Dental Students
250 ## - EDITION STATEMENT
Edition statement 6th Ed.
260 ## - PUBLICATION, DISTRIBUTION, ETC. (IMPRINT)
Place of publication, distribution, etc New Delhi, India
Name of publisher, distributor, etc Jaypee Publishers
Year of Publication 2025
300 ## - PAGE DESCRIPTION
No. of Pages 532
650 ## - SUBJECT ADDED ENTRY--TOPICAL TERM
Topical term or geographic name as entry element Pathology
700 ## - ADDED ENTRY--PERSONAL NAME
Personal name Mojgant, Sugandha
942 ## - ADDED ENTRY ELEMENTS (KOHA)
Source of classification or shelving scheme Dewey Decimal Classification
Koha item type Books
Holdings
Withdrawn status Lost status Source of classification or shelving scheme Damaged status Use restrictions Not for loan Home library Current library Shelving location Date acquired Vendor Name Cost, normal purchase price SGTU Bill Number Full call number Accession No. (Barcode) Date last seen Bill Date Koha item type Total Checkouts Checked out Date last borrowed Total Renewals
    Dewey Decimal Classification   Restricted Access Not For Loan SGT Dental Library SGT Dental Library New Materials Shelf 24/10/2025 Ahuja Book Co. Pvt. Ltd. 1550.00 SGTU 21713 616.07 E25M FD10028 24/10/2025   Books        
    Dewey Decimal Classification       SGT Dental Library SGT Dental Library Text Book 24/10/2025 Ahuja Book Co. Pvt. Ltd. 1550.00 SGTU 21713 616.07 E25M FD10029 27/05/2026   Books 12 10/06/2026 27/05/2026  
    Dewey Decimal Classification       SGT Dental Library SGT Dental Library Text Book 24/10/2025 Ahuja Book Co. Pvt. Ltd. 1550.00 SGTU 21713 616.07 E25M FD10030 27/05/2026   Books 10 10/06/2026 27/05/2026  
    Dewey Decimal Classification       SGT Dental Library SGT Dental Library Text Book 24/10/2025 Ahuja Book Co. Pvt. Ltd. 1550.00 SGTU 21713 616.07 E25M FD10031 05/06/2026   Books 14 19/06/2026 05/06/2026 1
    Dewey Decimal Classification       SGT Dental Library SGT Dental Library Text Book 24/10/2025 Ahuja Book Co. Pvt. Ltd. 1550.00 SGTU 21713 616.07 E25M FD10032 22/05/2026   Books 14 05/06/2026 22/05/2026  
    Dewey Decimal Classification       SGT Dental Library SGT Dental Library Text Book 24/10/2025 Ahuja Book Co. Pvt. Ltd. 1550.00 SGTU 21713 616.07 E25M FD10033 30/05/2026   Books 14 13/06/2026 30/05/2026  
    Dewey Decimal Classification       SGT Dental Library SGT Dental Library Text Book 24/10/2025 Ahuja Book Co. Pvt. Ltd. 1550.00 SGTU 21713 616.07 E25M FD10034 02/06/2026   Books 15 16/06/2026 02/06/2026 1
    Dewey Decimal Classification       SGT Dental Library SGT Dental Library Text Book 24/10/2025 Ahuja Book Co. Pvt. Ltd. 1550.00 SGTU 21713 616.07 E25M FD10035 29/05/2026   Books 10 12/06/2026 29/05/2026  
    Dewey Decimal Classification       SGT Dental Library SGT Dental Library Text Book 24/10/2025 Ahuja Book Co. Pvt. Ltd. 1550.00 SGTU 21713 616.07 E25M FD10036 27/05/2026   Books 15 10/06/2026 27/05/2026  
    Dewey Decimal Classification       SGT Dental Library SGT Dental Library Text Book 24/10/2025 Ahuja Book Co. Pvt. Ltd. 1550.00 SGTU 21713 616.07 E25M FD10037 01/06/2026   Books 12   13/05/2026